Premier league players from Finland - Statistics

General Stats
  • This quiz has been taken 643 times
    313 since last reset
  • The average score is 7 of 21
Answer Stats
Hint Answer % Correct
Norwich 2019- Teemu Pukki
88%
Liverpool 1999-2009 Sami Hyypiä
84%
Liverpool 2000-2002 Jari Litmanen
78%
Bolton, West Ham 1997-2015 Jussi Jääskeläinen
61%
Brentford 2021- Marcus Forss
56%
Chelsea, Crystal Palace, Birmingham 1998-2008 Mikael Forssell
51%
Southampton, Fulham 2002-2008 Antti Niemi
36%
Tottenham, Sunderland 2005-2010 Teemu Tainio
35%
Blackburn, Fulham, Newcastle 2005-2011 Shefki Kuqi
32%
Charlton, Norwich 2000-2006 Jonatan Johansson
27%
Crystal Palace 2004-2005 Aki Riihilahti
26%
Aston Villa, Blackburn 1998-2008 Peter Enckelman
23%
Bolton 1995-1997 Mixu Paatelainen
20%
Arsenal, West Ham* 2011-2016 Carl Jenkinson
19%
Crystal Palace 2004-2005 Joonas Kolkka
19%
Portsmouth 2003-2004 Petri Pasanen
19%
West Ham 2000-2001 Hannu Tihinen
18%
Derby County 2000-2002 Simo Valakari
15%
Fulham 2008-2010 Toni Kallio
10%
Bristol City 1978-1980 Pertti Jantunen
4%
Notts County 1981-1985 Aki Lahtinen
3%
No matching quizzes found
Score Distribution
Percent of People with Each Score
Percentile by Number Answered
Your Score History
You have not taken this quiz since the last reset